000 00480nam a2200145 a 4500
001 000043502
005 20201002044822.0
008 140320s1970 ve 000 0 spa d
040 _aDO-SdBNP
_bspa
_cBNPHU
082 _axxxx
_bxxxx
100 1 _aLarrazábal, Radamés
_933274
245 1 0 _aSobre la revolución :
_bteorías de intelectuales y prácticas revolucionarias /
_cRadamés Larrazábal.
260 _aCaracas, Venezuela :
_bCantaclaro,
_c[1970?].
300 _a32 p. ;
_c19 cm.
999 _c42991
_d42991